000 01237nam a2200277z 4500
003 MX-LbUP
005 20240829110704.0
008 a523227c2007 | sp 9222223322spa22
020 _a9788478290826
040 _cMX-LbUP
050 1 0 _aQP31.2
_bM69 2007
100 1 _aMoyes, Christopher D.
_91251
_eautor
240 1 0 _aPrinciples of animal physiology.
_lEspañol
245 1 0 _aPrincipios de fisiología animal /
_cCristopher D. Moyes, Patricia M. Schulte ; traducción, María González Moreno, Beatriz Gal Iglesias, Elena
260 _aMadrid, España :
_bPearson Addison Wesley,
_cc2007
300 _axxxi, 767 páginas :
_bilustraciones a color, diagramas, fórmulas, gráficas, tablas ;
_c27 cm.
500 _aIncluye índice.
500 _aTraducción de: Principles of animal physiology.
650 0 _aFisiología
_91253
700 1 _aSchulte, Patricia M.
_91254
_ecoautor
700 1 _aGonzález M., María Cristina
_q(González Moreno)
_91255
_etraductor
700 1 _aGal Iglesias, Beatriz
_911191
_etraductor
700 1 _aSanjosé Román, Elena
_911192
_etraductor
856 _3Tabla de contenido
_uhttp://www.unpa.edu.mx/bibliotecas/images/portadas/Tablas%20de%20contenido/3184.pdf
942 _2lcc
_cLB
999 _c487
_d487